[Event "DM 2023 G5-2"]
[Site "Svendborg"]
[Date "2023.04.09"]
[Round "4"]
[White "Rasmussen, Morten Fredsgaard"]
[Black "Hansen, Erik Hedegaard"]
[Result "1-0"]
[WhiteElo "1818"]
[BlackElo "1646"]
[PlyCount "113"]
[EventDate "2023.04.06"]
[EventType "swiss"]
[EventRounds "5"]
[EventCountry "DEN"]
[SourceTitle "Live v. Kasper Jerwiarz"]

1. d4 d5 2. Bf4 c6 3. c3 Nf6 4. e3 Bf5 5. Nd2 e6 6. Be2 Bd6 7. Bg5 Nbd7 8. Ngf3
Qc7 9. Bxf6 Nxf6 10. c4 O-O 11. c5 Be7 12. O-O b6 13. b4 Nd7 14. Qb3 b5 15. a4
a6 16. Ra2 e5 17. dxe5 Nxe5 18. Nxe5 Qxe5 19. Nf3 Qc7 20. Nd4 Bg6 21. Rfa1 Qb7
22. Bf3 Be4 23. Ra3 Bf6 24. Bxe4 dxe4 25. Qa2 Bxd4 26. exd4 Rad8 27. Rd1 Rd5
28. Re3 Re8 29. f3 f5 30. fxe4 Rxe4 31. Rxe4 fxe4 32. Re1 Qe7 33. axb5 axb5 34.
Qa8+ Qf8 35. Qxf8+ Kxf8 36. Rxe4 Kf7 37. Kf2 Rd8 38. Ke3 Ra8 39. Rf4+ Ke6 40.
Rf2 Kd5 41. Rf7 Ra3+ 42. Ke2 Kxd4 43. Rxg7 Ra2+ 44. Kf3 Kc4 45. Rg4+ Kc3 46.
Rh4 Ra4 47. Rxh7 Kxb4 48. g4 Kxc5 49. g5 b4 50. g6 Ra8 51. Rb7 Kc4 52. h4 b3
53. h5 Kc3 54. g7 b2 55. h6 Kc2 56. Rxb2+ Kxb2 57. h7 1-0

[Event "DM 2023 G5-2"]
[Site "Svendborg"]
[Date "2023.04.09"]
[Round "4"]
[White "Skytte, Robert"]
[Black "Hansen, Esben"]
[Result "0-1"]
[WhiteElo "1691"]
[BlackElo "1500"]
[PlyCount "94"]
[EventDate "2023.04.06"]
[EventType "swiss"]
[EventRounds "5"]
[EventCountry "DEN"]
[SourceTitle "Live v. Kasper Jerwiarz"]

1. e4 d6 2. d4 g6 3. Nc3 Bg7 4. f4 Nf6 5. Nf3 O-O 6. Bd3 Nc6 7. O-O e5 8. dxe5
dxe5 9. f5 Nb4 10. Nxe5 Qd4+ 11. Kh1 Qxe5 12. Bf4 Qc5 13. e5 Nfd5 14. f6 Bh8
15. Ne4 Qd4 16. Bh6 Re8 17. Qe1 Nxd3 18. cxd3 Qxe5 19. Qf2 Bf5 20. Rae1 Bxe4
21. Rxe4 Qxf6 22. Qg1 Qc6 23. Rc1 Qd7 24. Rce1 Rxe4 25. Rxe4 Re8 26. Qxa7 Rxe4
27. dxe4 Nb6 28. Qb8+ Qc8 29. Qxc8+ Nxc8 30. b3 Nd6 31. Bf4 Nxe4 32. Bxc7 Bd4
33. h3 Bc5 34. a4 Nd2 35. g4 Nxb3 36. Kg2 Bb4 37. Kf3 Nc5 38. Ke3 Nxa4 39. Kd4
Nb2 40. Bf4 Be7 41. Kc3 Bf6+ 42. Kb3 Kf8 43. g5 Bg7 44. Bd6+ Ke8 45. Ba3 Nd3
46. Kc2 Nf4 47. h4 Ng2 0-1

[Event "DM 2023 G5-2"]
[Site "Svendborg"]
[Date "2023.04.09"]
[Round "4"]
[White "Danielsen, Johnni Hjort"]
[Black "Pedersen, Thomas Vils"]
[Result "0-1"]
[WhiteElo "1631"]
[BlackElo "2111"]
[PlyCount "80"]
[EventDate "2023.04.06"]
[EventType "swiss"]
[EventRounds "5"]
[EventCountry "DEN"]
[SourceTitle "Live v. Kasper Jerwiarz"]

1. c4 e6 2. g3 d5 3. cxd5 exd5 4. Bg2 Nf6 5. d4 c6 6. e3 Bd6 7. Ne2 O-O 8. O-O
Bf5 9. h3 Be4 10. Nbc3 Bxg2 11. Kxg2 Nbd7 12. a3 a5 13. Bd2 Qe7 14. Qc2 Nb6 15.
Na4 Nc4 16. Nec3 b5 17. Nc5 Bxc5 18. dxc5 a4 19. Ne2 Qe4+ 20. Qxe4 Nxe4 21. Bb4
Nxb2 22. Ra2 Nc4 23. Nc3 Rfe8 24. Nxe4 Rxe4 25. Rd1 Rae8 26. Rd4 f5 27. Rxe4
Rxe4 28. Ra1 Kf7 29. Rd1 Ne5 30. Rd4 Nd7 31. Rxe4 dxe4 32. g4 fxg4 33. hxg4 Ke6
34. f4 Kd5 35. Kf2 Nxc5 36. Bxc5 Kxc5 37. Ke2 Kc4 38. f5 Kd5 39. Kd2 c5 40. Kc3
Ke5 0-1

[Event "DM 2023 G5-2"]
[Site "Svendborg"]
[Date "2023.04.10"]
[Round "5"]
[White "Stewart, Tanya Jill Milk"]
[Black "Mosegaard, Klaus"]
[Result "1-0"]
[WhiteElo "1895"]
[BlackElo "1797"]
[PlyCount "67"]
[EventDate "2023.04.06"]
[EventType "swiss"]
[EventRounds "5"]
[EventCountry "DEN"]
[SourceTitle "Live v. Kasper Jerwiarz"]

1. d4 Nf6 2. Nc3 d5 3. Bf4 a6 4. e3 e6 5. Bd3 c5 6. dxc5 Bxc5 7. Na4 Bd6 8. Nf3
Nc6 9. Bxd6 Qxd6 10. O-O O-O 11. Nb6 Rb8 12. Be2 Qb4 13. Nxc8 Rbxc8 14. Rb1 b5
15. c3 Qa5 16. Qd3 e5 17. Qf5 Qc7 18. h4 Qd7 19. Qxd7 Nxd7 20. Rfd1 Nf6 21. a4
Rb8 22. axb5 axb5 23. Ra1 Rfc8 24. g4 b4 25. g5 Ne4 26. c4 dxc4 27. Bxc4 Rd8
28. Bd5 Rxd5 29. Rxd5 f6 30. Rc1 Rb6 31. Nd2 Nxd2 32. Rxd2 Na5 33. Rd7 Rc6 34.
Ra1 1-0

[Event "DM 2023 G5-2"]
[Site "Svendborg"]
[Date "2023.04.10"]
[Round "5"]
[White "Araghi, Ali"]
[Black "Hansen, Erik"]
[Result "1-0"]
[WhiteElo "1810"]
[BlackElo "1665"]
[PlyCount "95"]
[EventDate "2023.04.06"]
[EventType "swiss"]
[EventRounds "5"]
[EventCountry "DEN"]
[SourceTitle "Live v. Kasper Jerwiarz"]

1. d4 d5 2. Bf4 Nf6 3. e3 e6 4. Nd2 Bd6 5. Bg3 O-O 6. Ngf3 Re8 7. Bd3 a6 8. Ne5
c5 9. c3 c4 10. Bc2 Qc7 11. f4 Nbd7 12. O-O Nf8 13. Bh4 N6d7 14. Qh5 g6 15. Qh6
f5 16. Ndf3 Nxe5 17. fxe5 Be7 18. Bxe7 Qxe7 19. h4 Qg7 20. Qf4 h5 21. a4 Bd7
22. a5 Re7 23. Ba4 Rd8 24. Bxd7 Rdxd7 25. Ra4 Kh8 26. Rb4 Nh7 27. Rb6 Qf8 28.
Ra1 Kg7 29. Ra4 Qe8 30. Rab4 Qf7 31. Kf2 Qe8 32. Kg3 Qf7 33. Rd6 Qe8 34. Rbb6
Qf7 35. Kf2 Qe8 36. Kg3 Qf7 37. Ng5 Nxg5 38. Qxg5 Rxd6 39. Rxd6 Re8 40. Kf2 Rf8
41. Kg3 Re8 42. Kf4 Rf8 43. Rd8 Rxd8 44. Qxd8 g5+ 45. hxg5 h4 46. Qf6+ Qxf6 47.
gxf6+ Kg6 48. Kf3 1-0

[Event "DM 2023 G5-2"]
[Site "Svendborg"]
[Date "2023.04.10"]
[Round "5"]
[White "Hansen, Esben"]
[Black "Svendsen, Peter Willer"]
[Result "0-1"]
[WhiteElo "1500"]
[BlackElo "1920"]
[PlyCount "90"]
[EventDate "2023.04.06"]
[EventType "swiss"]
[EventRounds "5"]
[EventCountry "DEN"]
[SourceTitle "Live v. Kasper Jerwiarz"]

1. e4 e5 2. Nc3 Nf6 3. f4 d5 4. fxe5 Nxe4 5. Qf3 Nc6 6. Bb5 Bc5 7. Nxe4 dxe4 8.
Qxe4 O-O 9. Bxc6 bxc6 10. Nf3 Be6 11. d4 Bd5 12. Qd3 Bxf3 13. dxc5 Bxg2 14.
Qxd8 Rfxd8 15. Rg1 Be4 16. Bh6 Bg6 17. Bd2 Rd5 18. O-O-O Rxe5 19. Bf4 Rxc5 20.
Rd2 Rd5 21. Rgd1 Be4 22. c4 Rxd2 23. Rxd2 f6 24. Rd7 g5 25. Bxc7 Rf8 26. Kd2
Rf7 27. Rd8+ Kg7 28. Bd6 Kg6 29. Ke3 Bh1 30. Bc5 f5 31. Ra8 f4+ 32. Kf2 Rd7 33.
Ke1 Bf3 34. Rxa7 Rd1+ 35. Kf2 g4 36. Bb4 Rh1 37. Bd6 Rxh2+ 38. Ke1 Re2+ 39. Kf1
Re4 40. b3 g3 41. Re7 Rd4 42. Bb4 h5 43. Re6+ Kf5 44. Rd6 Rxd6 45. Bxd6 h4 0-1

[Event "DM 2023 G5-2"]
[Site "Svendborg"]
[Date "2023.04.10"]
[Round "5"]
[White "Agger, Lars Breinholt"]
[Black "Rasmussen, Morten Fredsgaard"]
[Result "0-1"]
[WhiteElo "1828"]
[BlackElo "1818"]
[PlyCount "106"]
[EventDate "2023.04.06"]
[EventType "swiss"]
[EventRounds "5"]
[EventCountry "DEN"]
[SourceTitle "Live v. Kasper Jerwiarz"]

1. e4 c6 2. d4 d5 3. Nc3 dxe4 4. Nxe4 Bf5 5. Ng3 Bg6 6. h4 h6 7. Nf3 Nd7 8. h5
Bh7 9. Bd3 Bxd3 10. Qxd3 e6 11. Bd2 Ngf6 12. O-O-O Qc7 13. c4 O-O-O 14. Bc3 Bd6
15. Ne4 Nxe4 16. Qxe4 Nf6 17. Qc2 c5 18. Kb1 cxd4 19. Bxd4 Bc5 20. Rh4 Bxd4 21.
Nxd4 a6 22. c5 Rd5 23. Nb3 Rxd1+ 24. Qxd1 Rd8 25. Qe2 Qc6 26. Na5 Qd5 27. Rb4
Qd1+ 28. Qxd1 Rxd1+ 29. Kc2 Rd7 30. Nc4 Nd5 31. Rb3 Rc7 32. Nd6+ Kb8 33. Kd2
Nf6 34. Rc3 Nxh5 35. b4 Nf4 36. Rc4 Ng6 37. a4 f6 38. Re4 e5 39. Kc3 Nh8 40.
Kc4 Nf7 41. Kd5 Rd7 42. Rg4 Nd8 43. b5 axb5 44. axb5 Kc7 45. Ra4 Kb8 46. c6 Rc7
47. Ne8 bxc6+ 48. bxc6 Rxc6 49. Rb4+ Kc8 50. Nxg7 Rc2 51. Nf5 Rd2+ 52. Ke4 Rxf2
53. Rb6 Rf4+ 0-1

[Event "DM 2023 G5-2"]
[Site "Svendborg"]
[Date "2023.04.10"]
[Round "5"]
[White "Horslund, Mikael"]
[Black "Skytte, Robert"]
[Result "1/2-1/2"]
[WhiteElo "1729"]
[BlackElo "1691"]
[PlyCount "131"]
[EventDate "2023.04.06"]
[EventType "swiss"]
[EventRounds "5"]
[EventCountry "DEN"]
[SourceTitle "Live v. Kasper Jerwiarz"]

1. d4 d5 2. c4 e6 3. Nf3 c5 4. dxc5 Bxc5 5. a3 a5 6. b3 Nf6 7. Bb2 O-O 8. e3
Nc6 9. Be2 dxc4 10. Qxd8 Rxd8 11. Bxc4 b6 12. O-O Bb7 13. Nc3 h6 14. Rad1 Rac8
15. Na4 Ne7 16. Nxc5 Rxd1 17. Rxd1 Bxf3 18. gxf3 Rxc5 19. Rd8+ Kh7 20. Bd3+ Ng6
21. Bxf6 gxf6 22. Rd6 b5 23. Rb6 Rc1+ 24. Kg2 Ra1 25. h4 Kg7 26. Bxb5 Rxa3 27.
Ba4 Nxh4+ 28. Kg3 Nf5+ 29. Kf4 h5 30. e4 Nd4 31. Rb7 e5+ 32. Kg3 Ne6 33. Kh4
Kg6 34. Rb8 Ra1 35. Kg3 Nf4 36. Rb7 Rg1+ 37. Kh2 Rg2+ 38. Kh1 h4 39. Be8 h3 40.
Rxf7 Rxf2 41. Rf8+ Kh7 42. Rf7+ Kh6 43. Rxf6+ Kg5 44. Rf5+ Kh4 45. Rxe5 Ne2 46.
Rh5+ Kg3 47. Rg5+ Kf4 48. Rf5+ Ke3 49. Rg5 Nd4 50. Bh5 Nxf3 51. Bxf3 Rxf3 52.
e5 Kf4 53. Rh5 Rxb3 54. e6 a4 55. e7 Re3 56. Ra5 Kg3 57. Rg5+ Kh4 58. Ra5 Rxe7
59. Rxa4+ Kg3 60. Ra3+ Kf2 61. Kh2 Rh7 62. Ra2+ Kf1 63. Ra1+ Kf2 64. Ra2+ Kf1
65. Ra1+ Kf2 66. Ra2+ 1/2-1/2

[Event "DM 2023 G5-2"]
[Site "Svendborg"]
[Date "2023.04.10"]
[Round "5"]
[White "Pedersen, Thomas Vils"]
[Black "Jensen, Jan Kargaard"]
[Result "1-0"]
[WhiteElo "2111"]
[BlackElo "1589"]
[PlyCount "87"]
[EventDate "2023.04.06"]
[EventType "swiss"]
[EventRounds "5"]
[EventCountry "DEN"]
[SourceTitle "Live v. Kasper Jerwiarz"]

1. d4 Nf6 2. Nf3 g6 3. c4 Bg7 4. g3 O-O 5. Bg2 c6 6. Nc3 d5 7. cxd5 cxd5 8. Ne5
Nc6 9. Nxc6 bxc6 10. O-O Re8 11. Bf4 Nh5 12. Be3 Rb8 13. Qd2 e5 14. dxe5 Bxe5
15. Bxa7 Ra8 16. Bd4 Bxd4 17. Qxd4 Ng7 18. e3 Rb8 19. Rfd1 Ne6 20. Qa4 Bd7 21.
Qc2 Qe7 22. b3 Ng5 23. h4 Ne6 24. Ne2 Nc7 25. Rac1 Ne6 26. Nd4 Nxd4 27. Rxd4
Bf5 28. Qd2 Rbc8 29. b4 Be6 30. a4 c5 31. Rxc5 Rxc5 32. bxc5 Qxc5 33. Bxd5 Bxd5
34. Rxd5 Qc6 35. a5 Qa6 36. Rd6 Qb5 37. a6 Ra8 38. Qd4 Rc8 39. Rd8+ Rxd8 40.
Qxd8+ Kg7 41. a7 Qb1+ 42. Kh2 Qf1 43. a8=Q Qxf2+ 44. Qg2 1-0

[Event "DM 2023 G5-2"]
[Site "Svendborg"]
[Date "2023.04.10"]
[Round "5"]
[White "Hansen, Erik Hedegaard"]
[Black "Dithlevsen, Birgit"]
[Result "1-0"]
[WhiteElo "1646"]
[BlackElo "1445"]
[PlyCount "91"]
[EventDate "2023.04.06"]
[EventType "swiss"]
[EventRounds "5"]
[EventCountry "DEN"]
[SourceTitle "Live v. Kasper Jerwiarz"]

1. d4 d5 2. c4 dxc4 3. e3 Nf6 4. Bxc4 e6 5. Nc3 c6 6. Nf3 Bd6 7. O-O O-O 8. e4
Bb4 9. Bg5 Be7 10. Qc2 b5 11. Bd3 Nh5 12. Bxe7 Qxe7 13. e5 g6 14. Ne4 Nf4 15.
Nf6+ Kg7 16. Be4 Bb7 17. Qd2 Nd5 18. Bxd5 cxd5 19. Qg5 Nc6 20. Rac1 Qd8 21.
Nh5+ Kh8 22. Qh6 gxh5 23. Ng5 Qxg5 24. Qxg5 Nxd4 25. Rc7 Nf3+ 26. gxf3 Rg8 27.
Qxg8+ Rxg8+ 28. Kh1 Ba8 29. Rxf7 d4 30. Rc1 d3 31. Rcc7 Bxf3+ 32. Rxf3 d2 33.
Rd7 Rg7 34. Rd8+ Rg8 35. Rxg8+ Kxg8 36. Rd3 Kf7 37. Rxd2 Kg6 38. Rd7 a5 39. f4
h6 40. Kg2 b4 41. Kf3 a4 42. Rd4 b3 43. Rxa4 bxa2 44. Rxa2 Kf5 45. b4 h4 46. b5
1-0